000 00985nam a2200301 4500
003 OSt
005 20260530113848.0
008 260505b1986 it a|||| |||| 00| 0 ita d
020 _a882031519X
040 _aICI
_bspa
_cICI
041 _aita
050 _aNK1505
_bI45 1986
100 1 _aCoradeschi, Sergio,
_eautor
_930949
245 0 0 _aIl disegno per il design /
_cSergio Coradeschi
260 _aItalia :
_bHOEPLI,
_c1986
264 1 _aHopeli
_bMILANO
_c1986
300 _a217 páginas :
_bilustraciones
336 _atexto
_2rdacontent
337 _asin medio
_2rdamedia
338 _avolumen
_2rdacarrier
650 4 _aDiseño
_xTécnicas de dibujo.
_930950
650 4 _aDibujo técnico
_xAplicaciones en diseño industrial.
_930951
650 4 _aDiseño industrial
_xRepresentación gráfica.
_930952
650 _aComunicación visual
_xMétodos gráficos.
_930953
650 _aBocetos
_xDiseño
_930954
650 _aDiseño
_xEnseñanza.
_930955
942 _2lcc
_cBK
_n1
999 _c11366
_d11366